-
LEMKE,THOMAS L., DAVID A.WILLIAMS , ROCHE, VICTORIA F. AND ZITO, S.WILLIAM
Entry Personal Name
Number of records used in: 1
001 - CONTROL NUMBER
003 - CONTROL NUMBER IDENTIFIER
005 - DATE AND TIME OF LATEST TRANSACTION
- control field:
20240117101226.0
008 - FIXED-LENGTH DATA ELEMENTS
- fixed length control field:
240117|| aca||aabn | a|a d
040 ## - CATALOGING SOURCE
- Original cataloging agency:
JRU
- Transcribing agency:
JRU
100 ## - HEADING--PERSONAL NAME
- Personal name:
LEMKE,THOMAS L., DAVID A.WILLIAMS , ROCHE, VICTORIA F. AND ZITO, S.WILLIAM
670 ## - SOURCE DATA FOUND
- Source citation:
Work cat.: (JRU)8076: LEMKE,THOMAS L., DAVID A.WILLIAMS , ROCHE, VICTORIA F. AND ZITO, S.WILLIAM, FOYE'S PRINCILPES OF MEDICAL CHEMISTRY